El materialismo cultural

Збережено в:
Бібліографічні деталі
Автор: Harris, Marvin (Автор)
Формат: Книга
Мова:Іспанська
Опубліковано: Madrid Alianza 1985
Серія:Alianza Universidad, 324
Предмети:
Теги: Додати тег
Немає тегів, Будьте першим, хто поставить тег для цього запису!

MARC

LEADER 00000nam a2200000 a 4500
001 UCY0337
003 CL-VaPUC
008 940725e19850000SP |||||||||||||||||spa|d
082 0 4 |a 306  |b HAR  |2 21 
100 |a Harris, Marvin  |e author  |9 564482 
245 1 3 |a El materialismo cultural 
300 |a 399 p 
942 |c BK 
945 |d 19940725 00:00:00  |a rbrito 
260 |a Madrid  |b Alianza  |c 1985 
650 0 |a Materialismo  |9 265687 
650 0 |a Cultura  |9 269059 
583 |a last modification  |c 19940725 00:00:00  |k Rodrigo Vera 
490 0 |a Alianza Universidad, 324 
999 |c 229353  |d 229351 
952 |0 0  |1 0  |4 0  |6 306_000000000000000_HAR_1985  |7 0  |8 P  |9 230381  |a BIBEDU  |b BIBEDU  |c BIBEDU_PB  |d 2019-11-15  |i 2996111  |o 306 HAR 1985  |p 2996111  |r 2024-01-25  |w 2019-11-15  |y BK  |k PSI